<?xml version="1.0" encoding="UTF-8"?>
<record
    xmlns:xsi="http://www.w3.org/2001/XMLSchema-instance"
    xsi:schemaLocation="http://www.loc.gov/MARC21/slim http://www.loc.gov/standards/marcxml/schema/MARC21slim.xsd"
    xmlns="http://www.loc.gov/MARC21/slim">

  <leader>01251nam a2200289 i 4500</leader>
  <controlfield tag="001">bg</controlfield>
  <datafield tag="100" ind1="1" ind2=" ">
    <subfield code="a">HEWITT, Nicola</subfield>
  </datafield>
  <datafield tag="245" ind1="0" ind2="0">
    <subfield code="n">,</subfield>
    <subfield code="a">Podr&#x119;cznik ICLEI[International Council for Local Environmental Initiatives] w zakresie zarz&#x105;dzania &#x15B;rodowiskiem dla w&#x142;adz samorz&#x105;dowych &#x15A;rodkowej i Wschodniej Europy.</subfield>
    <subfield code="n">T.16,</subfield>
    <subfield code="p">Wznoszenie budowli i ich eksploatacja /</subfield>
    <subfield code="c">Antoaneta Yoveva wsp&#xF3;&#x142;pr. Bill Holdsworth ; Nicola Hewitt ; [kier. projektu Konrad Otto-Zimmermann].</subfield>
  </datafield>
  <datafield tag="260" ind1=" " ind2=" ">
    <subfield code="a">Freiburg ; Gda&#x144;sk :</subfield>
    <subfield code="b">ICLEI European Secretariat :</subfield>
    <subfield code="b">Fundacja ECOBALTIC,</subfield>
    <subfield code="c">1997.</subfield>
  </datafield>
  <datafield tag="300" ind1=" " ind2=" ">
    <subfield code="a">34 s. ;</subfield>
    <subfield code="c">30 cm.</subfield>
  </datafield>
  <datafield tag="500" ind1=" " ind2=" ">
    <subfield code="a">Zawiera dodatek dotycz&#x105;cy Unii Europejskiej.</subfield>
  </datafield>
  <datafield tag="650" ind1=" " ind2="9">
    <subfield code="a">Zarz&#x105;dzanie</subfield>
    <subfield code="x">gospodarka</subfield>
    <subfield code="z">Europa &#x15A;rodkowo-Wschodnia</subfield>
  </datafield>
  <datafield tag="650" ind1=" " ind2="9">
    <subfield code="a">Samorz&#x105;d terytorialny</subfield>
    <subfield code="z">Europa &#x15A;rodkowo-Wschodnia</subfield>
  </datafield>
  <datafield tag="650" ind1=" " ind2="9">
    <subfield code="a">&#x15A;rodowisko cz&#x142;owieka</subfield>
    <subfield code="x">ochrona</subfield>
    <subfield code="z">Europa &#x15A;rodkowo-Wschodnia</subfield>
  </datafield>
  <datafield tag="650" ind1=" " ind2="9">
    <subfield code="a">Budownictwo</subfield>
    <subfield code="x">zagadnienia</subfield>
  </datafield>
  <datafield tag="655" ind1=" " ind2=" ">
    <subfield code="a">Podr&#x119;czniki</subfield>
  </datafield>
  <datafield tag="700" ind1="1" ind2=" ">
    <subfield code="a">YOVEVA, Antoaneta.</subfield>
  </datafield>
  <datafield tag="700" ind1="1" ind2=" ">
    <subfield code="a">HOLDSWORTH, Bill.</subfield>
  </datafield>
  <datafield tag="700" ind1="1" ind2=" ">
    <subfield code="a">OTTO-ZIMMERMANN, Konrad.</subfield>
  </datafield>
  <datafield tag="020" ind1=" " ind2=" ">
    <subfield code="a">8388070134</subfield>
  </datafield>
  <datafield tag="040" ind1=" " ind2=" ">
    <subfield code="c">BPK</subfield>
  </datafield>
  <datafield tag="041" ind1="1" ind2=" ">
    <subfield code="a">pl</subfield>
    <subfield code="h">en</subfield>
  </datafield>
  <datafield tag="080" ind1=" " ind2=" ">
    <subfield code="a">352/353:332.1:504.06:69](4-191.2-11)</subfield>
  </datafield>
  <datafield tag="920" ind1=" " ind2=" ">
    <subfield code="a">83-88070-13-4</subfield>
  </datafield>
  <datafield tag="942" ind1=" " ind2=" ">
    <subfield code="c">KS</subfield>
  </datafield>
  <controlfield tag="008">      s        pl     f     |000 0 pol  </controlfield>
  <datafield tag="999" ind1=" " ind2=" ">
    <subfield code="c">36600</subfield>
    <subfield code="d">36600</subfield>
  </datafield>
  <datafield tag="856" ind1=" " ind2=" ">
    <subfield code="u">http://koha.tu.koszalin.pl/cgi-bin/koha/opac-detail.pl?biblionumber=36600</subfield>
    <subfield code="y">Katalog online BPK</subfield>
  </datafield>
  <datafield tag="952" ind1=" " ind2=" ">
    <subfield code="0">0</subfield>
    <subfield code="1">0</subfield>
    <subfield code="4">0</subfield>
    <subfield code="7">0</subfield>
    <subfield code="a">BPK</subfield>
    <subfield code="b">BPK</subfield>
    <subfield code="c">w</subfield>
    <subfield code="o">51254</subfield>
    <subfield code="p">01469219</subfield>
    <subfield code="y">KS</subfield>
  </datafield>
</record>
